5HLuxD.jpg

KING HENRY VIII SENIOR AND PRIMARY SCHOOL LIBRARY OPAC

Classical music encyclopedia / (Record no. 437)

000 -LEADER
fixed length control field 01128pam a2200337 i 4500
001 - CONTROL NUMBER
control field 020285998
003 - CONTROL NUMBER IDENTIFIER
control field UkOxU
005 - DATE AND TIME OF LATEST TRANSACTION
control field 20190814145738.0
008 - FIXED-LENGTH DATA ELEMENTS--GENERAL INFORMATION
fixed length control field 140925s2014 enka be |0|1 0|eng
015 ## - NATIONAL BIBLIOGRAPHY NUMBER
National bibliography number GBB4A4393
Source bnb
016 7# - NATIONAL BIBLIOGRAPHIC AGENCY CONTROL NUMBER
Record control number 016877456
Source Uk
020 ## - INTERNATIONAL STANDARD BOOK NUMBER
International Standard Book Number 9781783612833
035 ## - SYSTEM CONTROL NUMBER
System control number (Uk)016877456
040 ## - CATALOGING SOURCE
Original cataloging agency StDuBDS
Language of cataloging eng
Description conventions rda
Transcribing agency StDuBDS
Modifying agency Uk
042 ## - AUTHENTICATION CODE
Authentication code ukblsr
082 04 - DEWEY DECIMAL CLASSIFICATION NUMBER
Classification number 781.680 CLA
Edition number 23
245 00 - TITLE STATEMENT
Title Classical music encyclopedia /
Statement of responsibility, etc. founding editor: Stanley Sadie ; foreword by Vladimir Ashkenazy.
250 ## - EDITION STATEMENT
Edition statement New & expanded edition, Second edition, 2014 /
Remainder of edition statement consultant editor: Charles Wilson.
264 #1 - PRODUCTION, PUBLICATION, DISTRIBUTION, MANUFACTURE, AND COPYRIGHT NOTICE
Place of production, publication, distribution, manufacture Fulham, London :
Name of producer, publisher, distributor, manufacturer Flame Tree Publishing,
Date of production, publication, distribution, manufacture, or copyright notice [2014]
300 ## - PHYSICAL DESCRIPTION
Extent 496 pages :
Other physical details illustrations (black and white) ;
Dimensions 25 cm
336 ## - CONTENT TYPE
Content type term text
Source rdacontent
337 ## - MEDIA TYPE
Media type term unmediated
Source rdamedia
338 ## - CARRIER TYPE
Carrier type term volume
Source rdacarrier
500 ## - GENERAL NOTE
General note Formerly CIP.
Institution to which field applies Uk
504 ## - BIBLIOGRAPHY, ETC. NOTE
Bibliography, etc. note Includes bibliographical references and index.
650 #0 - SUBJECT ADDED ENTRY--TOPICAL TERM
Topical term or geographic name entry element Music
Form subdivision Encyclopedias.
700 1# - ADDED ENTRY--PERSONAL NAME
Personal name Sadie, Stanley,
Relator term editor.
700 1# - ADDED ENTRY--PERSONAL NAME
Personal name Wilson, Charles,
Dates associated with a name 1968-
Relator term editor.
942 ## - ADDED ENTRY ELEMENTS (KOHA)
Source of classification or shelving scheme
Koha item type Reference
Holdings
Withdrawn status Lost status Source of classification or shelving scheme Damaged status Not for loan Collection code Permanent Location Current Location Shelving location Date acquired Full call number Barcode Date last seen Price effective from Koha item type
          Reference KH8 Senior School Library KH8 Senior School Library Reference 2019-08-14 781.680 CLA 3KHSL000100060 2019-08-14 2019-08-14 Reference

Powered By KH8 IT Dept